000 00449nam a2200109Ia 4500
008 220216s9999 xx 000 0 und d
100 _aJoseph P
245 0 _aMechanised agronomic practices in rubber plantations - Indian scenario
260 _bIRC 2012. International Rubber Conference, 28-31 October 2012, Kovalam, India, Rubber Research Institute of India, Kottayam and IRRDB, Malaysia: Abstracts. pp.160-161.
700 _aJessy M D
942 _cBS
999 _c49885
_d49885